Normal view
MARC view
Entry Nombre personal
001 - NÚMERO DE CONTROL
- campo de control: 158395
003 - IDENTIFICADOR DEL NÚMERO DE CONTROL
- campo de control: OSt
005 - FECHA Y HORA DE LA ÚLTIMA TRANSACCIÓN
- campo de control: 20220818154119.0
008 - DATOS DE LONGITUD FIJA
- campo de control de longitud fija: 220127|| aca||aabn | a|a d
040 ## - FUENTE DE LA CATALOGACIÓN
- Centro catalogador/agencia de origen: OSt
- Centro/agencia transcriptor: OSt
100 1# - ENCABEZAMIENTO-NOMBRE DE PERSONA
- Nombre de persona: Anaya A., Francisco
670 ## - FUENTE DE DATOS ENCONTRADOS
- Cita de la fuente: Work cat.: (OSt)176289: Anaya A., Francisco, Reporte del trabajo de campo realizado en la localidad de Rio Grande, municipio de Tututepec, Oax. por alunnos de 5º año de Industrias Agrícolas de la Universidad Autónoma Chapingo, correspondiente a la materia de Cultivos Industriales, durante los días comprendidos del 24 al 31 de octubre de 1981 /, 1981
